[Event "IECG TE.2001.S.00802 email"]
[Site "IECG email"]
[Date "2003.08.10"]
[Round "?"]
[White "Wood, Brian B"]
[Black "Perruchoud, Francois"]
[Result "1-0"]
[WhiteElo "982"]
[BlackElo "2016"]
[PlyCount "27"]
[EventDate "2003.08.10"]
[EventType "tourn (corr)"]
[EventRounds "12"]
[SourceTitle "Corr 2008"]
[Source "ChessBase"]
[SourceDate "2008.06.24"]
[SourceVersion "1"]
[SourceVersionDate "2008.06.24"]
[SourceQuality "1"]

1. e4 d6 2. d4 Nf6 3. Nc3 g6 4. Nf3 Bg7 5. Be3 0-0 6. Qd2 a6 7. Bd3 b5 8. 0-0 Bb7 9. a4 b4 10. Ne2 Bxe4 11. Bxe4 Nxe4 12. Qxb4 Nc6 13. Qc4 Rb8 14. Qxc6 1-0

[Event "IECG WC.2006.P.00017 email"]
[Site "IECG email"]
[Date "2003.01.22"]
[Round "?"]
[White "Perruchoud, Francois"]
[Black "Chovanec, Vladimir"]
[Result "1-0"]
[WhiteElo "2054"]
[BlackElo "1881"]
[PlyCount "37"]
[EventDate "2003.01.22"]
[EventType "tourn (corr)"]
[EventRounds "10"]
[SourceTitle "Corr 2008"]
[Source "ChessBase"]
[SourceDate "2008.06.24"]
[SourceVersion "1"]
[SourceVersionDate "2008.06.24"]
[SourceQuality "1"]

1. e4 g6 2. d4 Bg7 3. Nf3 c6 4. Nc3 d5 5. Bf4 dxe4 6. Nxe4 Bg4 7. Bc4 Nf6 8. Neg5 0-0 9. Nxf7 Qb6 10. Nh6+ Kh8 11. Nxg4 Nxg4 12. Qd2 Qxb2 13. 0-0 b5 14. Be6 Nf6 15. Rab1 Qa3 16. Rb3 Qa4 17. Re1 Nd5 18. Be5 Nf6 19. Ng5 1-0

[Event "FRA-chT3 Gr4 0203"]
[Site "Limoges"]
[Date "2002.12.08"]
[Round "?"]
[White "Perruchoud, Francois"]
[Black "Daumens, Michel"]
[Result "1/2-1/2"]
[WhiteElo "2030"]
[BlackElo "2239"]
[PlyCount "64"]
[EventDate "2002.11.11"]
[EventType "team"]
[EventRounds "9"]
[EventCountry "FRA"]
[SourceTitle "EXT 2004"]
[Source "ChessBase"]
[SourceDate "2003.11.25"]
[SourceVersion "1"]
[SourceVersionDate "2003.11.25"]
[SourceQuality "1"]

1. d4 f5 2. Qd3 d5 3. g3 Nf6 4. Bg2 e6 5. Nf3 Bd6 6. 0-0 0-0 7. b3 b6 8. Ne5 Ba6 9. c4 c6 10. Ba3 Bxa3 11. Nxa3 Qd6 12. Nb1 Nbd7 13. Nxd7 Nxd7 14. Nd2 Rac8 15. Rac1 e5 16. c5 Bxd3 17. cxd6 Bxe2 18. Rfe1 exd4 19. Rxe2 Nf6 20. Re7 c5 21. Re5 Ne4 22. Nb1 Rcd8 23. Rxd5 Nxd6 24. Re1 Kf7 25. Nd2 Kf6 26. Rde5 Ne4 27. Rxf5+ Kxf5 28. Bxe4+ Kf6 29. Bd3 h6 30. Ne4+ Kf7 31. Bc4+ Kg6 32. Bd3 Kf7 1/2-1/2

[Event "IECG RA.2002.0.00016"]
[Site "IECG email"]
[Date "2002.08.16"]
[Round "?"]
[White "Simenon, Stefan"]
[Black "Perruchoud, Francois"]
[Result "1-0"]
[WhiteElo "2083"]
[BlackElo "2011"]
[PlyCount "95"]
[EventDate "2002.08.16"]
[EventType "tourn (corr)"]
[EventRounds "6"]
[SourceTitle "Corr 2008"]
[Source "ChessBase"]
[SourceDate "2008.06.24"]
[SourceVersion "1"]
[SourceVersionDate "2008.06.24"]
[SourceQuality "1"]

1. d4 Nf6 2. c4 g6 3. Nc3 d5 4. cxd5 Nxd5 5. e4 Nxc3 6. bxc3 Bg7 7. Nf3 c5 8. Rb1 0-0 9. Be2 cxd4 10. cxd4 Qa5+ 11. Qd2 Qxd2+ 12. Bxd2 b6 13. Rc1 e6 14. Bd3 Ba6 15. Bxa6 Nxa6 16. Ke2 Rfd8 17. Rc4 f5 18. e5 Rdc8 19. Ra4 Nb8 20. Ng5 Re8 21. Rc1 h6 22. Nf3 b5 23. Ra3 a6 24. Rc7 Bf8 25. Rb3 Rd8 26. a4 g5 27. axb5 g4 28. Ne1 axb5 29. Rxb5 Ra6 30. Nc2 Nc6 31. Bc3 Ne7 32. Nb4 Raa8 33. Rbb7 Rac8 34. Rxc8 Rxc8 35. Bd2 Ng6 36. Rb6 Kf7 37. Nc6 Nh4 38. Kf1 Ra8 39. Rb7+ Kg6 40. Rb8 Rxb8 41. Nxb8 Kf7 42. Nd7 Bg7 43. f3 Ng6 44. fxg4 fxg4 45. Ke2 Ne7 46. Kd3 Nd5 47. Ke4 h5 48. Nc5 1-0

[Event "IECG TE.2001.P.00807 email"]
[Site "IECG email"]
[Date "2001.10.06"]
[Round "?"]
[White "Moriana Garcia, Jose Manuel"]
[Black "Perruchoud, Francois"]
[Result "1/2-1/2"]
[WhiteElo "1800"]
[BlackElo "1794"]
[PlyCount "171"]
[EventDate "2001.10.06"]
[EventType "tourn (corr)"]
[EventRounds "12"]
[SourceTitle "Corr 2008"]
[Source "ChessBase"]
[SourceDate "2008.06.24"]
[SourceVersion "1"]
[SourceVersionDate "2008.06.24"]
[SourceQuality "1"]

1. e4 d6 2. d4 Nf6 3. Nc3 g6 4. Nf3 Bg7 5. Be3 0-0 6. Qd2 Bg4 7. Ng5 Bd7 8. h3 e6 9. 0-0-0 Nc6 10. Nf3 e5 11. d5 Ne7 12. Bg5 a6 13. Qe3 Ne8 14. Bd3 f6 15. Bh6 c5 16. dxc6 bxc6 17. Bc4+ Kh8 18. h4 Qc7 19. Bxg7+ Nxg7 20. Qd2 d5 21. exd5 cxd5 22. Bxd5 Rab8 23. Be4 Qb6 24. b3 Bg4 25. Qd6 Qa7 26. Rd2 Rb6 27. Qa3 Rc8 28. Rhd1 Rbb8 29. Rd7 Bxd7 30. Qxe7 Qc5 31. Qxc5 Rxc5 32. Rxd7 Rxc3 33. Ra7 Rbc8 34. Ne1 Ne6 35. Bb7 Rb8 36. Bxa6 Rc7 37. Rxc7 Nxc7 38. Bc4 Kg7 39. a4 Rd8 40. c3 Kf8 41. a5 Ke7 42. b4 Kd6 43. Nd3 Kc6 44. Kc2 e4 45. Nc5 f5 46. Nb3 Rb8 47. Nd4+ Kd6 48. g3 Re8 49. b5 Kc5 50. Be2 Ne6 51. Nxe6+ Rxe6 52. Kd2 Rd6+ 53. Ke3 Rd8 54. a6 h6 55. c4 g5 56. hxg5 hxg5 57. g4 fxg4 58. Kxe4 Rf8 59. Ke3 Re8+ 60. Kd2 Rf8 61. Ke1 Re8 62. Kf1 Re4 63. Bd3 Re7 64. Bf5 g3 65. fxg3 Re3 66. Kg2 Rc3 67. Be6 Kb6 68. Kh3 Re3 69. Bd5 Rc3 70. Kg4 Ra3 71. Kxg5 Rxg3+ 72. Kf6 Re3 73. Be6 Re4 74. Ke7 Rh4 75. Kd7 Rh7+ 76. Kd6 Rh6 77. Ke5 Rh5+ 78. Bf5 Rg5 79. Ke6 Rg1 80. Be4 Rd1 81. Bd5 Rg1 82. Kd7 Rg7+ 83. Kc8 Rh7 84. Bc6 Rg7 85. Kd8 Rh7 86. Bd5 1/2-1/2

[Event "IECG TE.2001.P.00807 email"]
[Site "IECG email"]
[Date "2001.10.06"]
[Round "?"]
[White "Perruchoud, Francois"]
[Black "Rivas Duran, Jesus Alberto"]
[Result "1-0"]
[WhiteElo "1794"]
[BlackElo "2000"]
[PlyCount "63"]
[EventDate "2001.10.06"]
[EventType "tourn (corr)"]
[EventRounds "12"]
[SourceTitle "Corr 2008"]
[Source "ChessBase"]
[SourceDate "2008.06.24"]
[SourceVersion "1"]
[SourceVersionDate "2008.06.24"]
[SourceQuality "1"]

1. e4 d6 2. d4 Nf6 3. Nc3 g6 4. Nf3 Bg7 5. Be3 0-0 6. Qd2 c6 7. Bh6 b5 8. Bd3 Nbd7 9. Bxg7 Kxg7 10. e5 dxe5 11. dxe5 Ng4 12. Qf4 Nc5 13. Rd1 Qa5 14. h3 Nh6 15. Nd4 Ne6 16. Nxe6+ Bxe6 17. 0-0 b4 18. Ne2 Rad8 19. Nd4 Bd5 20. Be4 Bxe4 21. Qxe4 Qxa2 22. Nxc6 Rxd1 23. Rxd1 Qxb2 24. Nxe7 a5 25. Nc6 Re8 26. Rd7 a4 27. Qf4 Nf5 28. g4 Qxc2 29. Nd4 Qc3 30. Kg2 Ne7 31. e6 fxe6 32. Nxe6+ 1-0

[Event "IECG TE.2001.P.00807 email"]
[Site "IECG email"]
[Date "2001.10.06"]
[Round "?"]
[White "Rivas Duran, Jesus Alberto"]
[Black "Perruchoud, Francois"]
[Result "1-0"]
[WhiteElo "2000"]
[BlackElo "1794"]
[PlyCount "65"]
[EventDate "2001.10.06"]
[EventType "tourn (corr)"]
[EventRounds "12"]
[SourceTitle "Corr 2008"]
[Source "ChessBase"]
[SourceDate "2008.06.24"]
[SourceVersion "1"]
[SourceVersionDate "2008.06.24"]
[SourceQuality "1"]

1. e4 d6 2. d4 Nf6 3. Nc3 g6 4. Nf3 Bg7 5. Be3 0-0 6. Qd2 e5 7. Bg5 exd4 8. Nxd4 Qe8 9. f3 a6 10. 0-0-0 Nc6 11. Nxc6 Qxc6 12. h4 Be6 13. Bh6 Nh5 14. Bxg7 Kxg7 15. Bd3 Ng3 16. Rh2 Qc5 17. h5 Rh8 18. f4 Bg4 19. h6+ Kf8 20. Re1 c6 21. Re3 Bd7 22. Na4 Qd4 23. c3 Qa7 24. Rh4 Nh5 25. Bc2 Ke7 26. e5 d5 27. f5 b5 28. Re1 gxf5 29. Bxf5 bxa4 30. Qg5+ Kf8 31. Rxh5 Rg8 32. Qf6 Be6 33. Bxh7 1-0

[Event "IECG TE.1999.P.00102 email"]
[Site "IECG email"]
[Date "1999.11.01"]
[Round "?"]
[White "Perruchoud, Francois"]
[Black "Dournes, Robert"]
[Result "1-0"]
[WhiteElo "1794"]
[BlackElo "2043"]
[PlyCount "45"]
[EventDate "1999.11.01"]
[EventType "tourn (corr)"]
[EventRounds "12"]
[SourceTitle "Corr 2008"]
[Source "ChessBase"]
[SourceDate "2008.06.24"]
[SourceVersion "1"]
[SourceVersionDate "2008.06.24"]
[SourceQuality "1"]

1. d4 Nf6 2. c4 g6 3. Nc3 Bg7 4. e4 d6 5. f3 0-0 6. Be3 Nc6 7. Nge2 e5 8. d5 Ne7 9. g4 a5 10. Ng3 c6 11. h4 h5 12. Bh3 hxg4 13. fxg4 Qd7 14. Na4 Ra6 15. Nb6 Qc7 16. Nxc8 Nxc8 17. g5 Nd7 18. h5 Ne7 19. hxg6 Nxg6 20. Bxd7 Qxd7 21. Qh5 Rc8 22. Qh7+ Kf8 23. Nf5 1-0

[Event "IECG TE.1999.P.00102 email"]
[Site "IECG email"]
[Date "1999.11.01"]
[Round "?"]
[White "Perruchoud, Francois"]
[Black "Pratt, Louis"]
[Result "1-0"]
[WhiteElo "1794"]
[BlackElo "800"]
[PlyCount "59"]
[EventDate "1999.11.01"]
[EventType "tourn (corr)"]
[EventRounds "12"]
[SourceTitle "Corr 2008"]
[Source "ChessBase"]
[SourceDate "2008.06.24"]
[SourceVersion "1"]
[SourceVersionDate "2008.06.24"]
[SourceQuality "1"]

1. d4 Nf6 2. c4 g6 3. Nc3 Bg7 4. e4 d6 5. f3 0-0 6. Be3 Nc6 7. Nge2 a6 8. Qd2 e5 9. d5 Ne7 10. a4 Bd7 11. Ng3 Qe8 12. Bd3 c6 13. a5 Rb8 14. 0-0 Nh5 15. Nxh5 gxh5 16. f4 f6 17. f5 b5 18. axb6 c5 19. Rxa6 Qd8 20. b7 Rxb7 21. Rxd6 Nc8 22. Ra6 Rb6 23. Rxb6 Nxb6 24. Bxc5 Rf7 25. Bf2 Qf8 26. Bxb6 Qb8 27. c5 Qf8 28. Qe2 h4 29. Bc4 Qb8 30. d6 1-0

[Event "IECG TE.1999.P.00102 email"]
[Site "IECG email"]
[Date "1999.11.01"]
[Round "?"]
[White "Perruchoud, Francois"]
[Black "Wiltenburg, Fred"]
[Result "1-0"]
[WhiteElo "1794"]
[BlackElo "1245"]
[PlyCount "70"]
[EventDate "1999.11.01"]
[EventType "tourn (corr)"]
[EventRounds "12"]
[SourceTitle "Corr 2008"]
[Source "ChessBase"]
[SourceDate "2008.06.24"]
[SourceVersion "1"]
[SourceVersionDate "2008.06.24"]
[SourceQuality "1"]

1. d4 Nf6 2. c4 g6 3. Nc3 Bg7 4. e4 d6 5. f3 0-0 6. Be3 Nc6 7. Nge2 e5 8. d5 Ne7 9. g4 c5 10. Ng3 Ne8 11. Qd2 f5 12. gxf5 gxf5 13. Bg5 f4 14. Nh5 Nf6 15. Nxg7 Kxg7 16. Rg1 Ng6 17. h4 h6 18. Qg2 Rg8 19. Bxf4 Kh7 20. Be3 Nxh4 21. Qh1 Rxg1 22. Bxg1 Ng8 23. Bf2 Ng6 24. Be3 Qf6 25. 0-0-0 a6 26. Na4 b5 27. Nb6 Rb8 28. Nxc8 Rxc8 29. Bh3 Rc7 30. Bf5 bxc4 31. Rg1 Rg7 32. Qh5 a5 33. Bxh6 Nxh6 34. Rh1 Kg8 35. Qxh6 Kf7 1-0

[Event "IECG TE.1999.P.00102 email"]
[Site "IECG email"]
[Date "1999.11.01"]
[Round "?"]
[White "Pratt, Louis"]
[Black "Perruchoud, Francois"]
[Result "0-1"]
[WhiteElo "800"]
[BlackElo "1794"]
[PlyCount "56"]
[EventDate "1999.11.01"]
[EventType "tourn (corr)"]
[EventRounds "12"]
[SourceTitle "Corr 2008"]
[Source "ChessBase"]
[SourceDate "2008.06.24"]
[SourceVersion "1"]
[SourceVersionDate "2008.06.24"]
[SourceQuality "1"]

1. d4 Nf6 2. c4 g6 3. Nc3 Bg7 4. e4 d6 5. f3 0-0 6. Be3 Nc6 7. Qd2 a6 8. Nge2 Rb8 9. Ng3 e5 10. d5 Nd4 11. Bxd4 exd4 12. Nce2 c5 13. b4 d3 14. Nc1 Nxd5 15. cxd5 cxb4 16. Qxb4 Qc7 17. Qb1 Qc3+ 18. Kd1 Bd7 19. Nb3 Ba4 20. Bxd3 Qxa1 21. Qxa1 Bxa1 22. Ke2 Bf6 23. Bc2 Rbc8 24. Rc1 Bxb3 25. Bxb3 Rxc1 26. Kd2 Rg1 27. Ke2 Rxg2+ 28. Kf1 Rxh2 0-1

[Event "IECG TE.1999.P.00102 email"]
[Site "IECG email"]
[Date "1999.11.01"]
[Round "?"]
[White "Valeinis, Janis"]
[Black "Perruchoud, Francois"]
[Result "1-0"]
[WhiteElo "2245"]
[BlackElo "1794"]
[PlyCount "105"]
[EventDate "1999.11.01"]
[EventType "tourn (corr)"]
[EventRounds "12"]
[SourceTitle "Corr 2008"]
[Source "ChessBase"]
[SourceDate "2008.06.24"]
[SourceVersion "1"]
[SourceVersionDate "2008.06.24"]
[SourceQuality "1"]

1. d4 Nf6 2. c4 g6 3. Nc3 Bg7 4. e4 d6 5. f3 0-0 6. Be3 Nc6 7. Qd2 a6 8. Nge2 Rb8 9. h4 h5 10. Nc1 e5 11. d5 Nd4 12. Nb3 c5 13. dxc6 Nxb3 14. c7 Qxc7 15. axb3 Be6 16. Be2 Rbc8 17. 0-0 Rfd8 18. Rfd1 Qe7 19. Bb6 Rd7 20. Na4 Rc6 21. Be3 Rd8 22. Nc5 Bh6 23. Bxh6 Rxc5 24. b4 Rc6 25. b3 Nh7 26. g3 Rdc8 27. Ra5 f5 28. b5 axb5 29. exf5 gxf5 30. Rxb5 Ra6 31. Qb4 Qf6 32. Be3 f4 33. Bf2 Ra2 34. Rd2 Rxd2 35. Qxd2 fxg3 36. Bxg3 Qg7 37. Kh2 Rc6 38. Qe3 Nf6 39. Ra5 Rc8 40. Qd3 Rc6 41. Ra8+ Kf7 42. Ra7 Kg8 43. Qd2 d5 44. cxd5 Bxd5 45. Ra8+ Kf7 46. Ra5 Ke6 47. Bc4 Rd6 48. Qe3 Nd7 49. Rxd5 Rxd5 50. Bxd5+ Kxd5 51. Qe4+ Kd6 52. Qxb7 Qf7 53. Qb4+ 1-0